00486nam a2200145Ia 4500008004100000041000800041082001600049100001800065245004500083260003700128300003100165365000700196999001500203952012200218240624s9999 xx 000 0 und d aeng a361.765 SUN aSUNDAR PUSHPA aBEYOND BUSINESS FROM MURCHANT CHARITY TO c2000aNew DelhibTata McGrawhill axii, : 393 : p. : cm. ; 24 cRS c1120d1120 00104070aIMTNbIMTNcRack 15-Ad2004-11-09eJBDg450.00o361.765 SUNp1120r2024-06-24 00:00:00t1w2024-06-24yBK